| 000 | 00721nam a22002537a 4500 | ||
|---|---|---|---|
| 001 | 000687 | ||
| 003 | DO-SdBNP | ||
| 005 | 20180207094019.0 | ||
| 007 | 000687 | ||
| 008 | 151210b 2008 xxu 00| 0 spa d | ||
| 020 | _a9781598350791 | ||
| 040 |
_aBPMSU _bspa _cBPMSU |
||
| 092 |
_axxxx _bxxxx |
||
| 100 | 1 |
_aMéndez Matos, Natanael _cCóndor Zebra |
|
| 245 | 1 | 0 |
_aViruskman _bguerra de virus emergentes y códigos secretos / _cNatanael Méndez Matos |
| 260 |
_aMassachusetts, Estados Unidos ; _bCBH books, _c2008. |
||
| 300 |
_a188 p.; _c22 cm. |
||
| 490 |
_aAbalorios _v25 |
||
| 830 | 0 |
_aAbalorios _n25 |
|
| 910 | _a00144 | ||
| 942 |
_2ddc _cBK |
||
| 945 | _ainventariado, 2018 / dg | ||
| 956 |
_aYngrid Lockward _b10 |
||
| 999 |
_c11446 _d11446 |
||